Online
Catalog

Aquiles Azar : (Record no. 56670)

MARC details
000 -CABECERA
campo de control de longitud fija 02214nam a2200457 i 4500
003 - IDENTIFICADOR DEL NÚMERO DE CONTROL
campo de control DO-SdBNP
005 - FECHA Y HORA DE LA ÚLTIMA TRANSACCIÓN
campo de control 20250403154010.0
006 - CÓDIGOS DE INFORMACIÓN DE LONGITUD FIJA--CARACTERÍSTICAS DEL MATERIAL ADICIONAL
campo de control de longitud fija a||||gr|||| 00| 0
007 - CAMPO FIJO DE DESCRIPCIÓN FÍSICA--INFORMACIÓN GENERAL
campo de control de longitud fija ta
008 - DATOS DE LONGITUD FIJA--INFORMACIÓN GENERAL
campo de control de longitud fija 240515t2023 dr ac||| |||| 00| 0 spa d
020 ## - NÚMERO INTERNACIONAL ESTÁNDAR DEL LIBRO
Número Internacional Estándar del Libro 9789945629309
040 ## - FUENTE DE LA CATALOGACIÓN
Centro catalogador/agencia de origen DO-SdBNP
Lengua de catalogación spa
Centro/agencia transcriptor BNPHU
Normas de descripción rda
082 #4 - NÚMERO DE LA CLASIFICACIÓN DECIMAL DEWEY
Número de clasificación 759.7293
Número de documento/Ítem T649a
Número de edición 22
100 1# - ENTRADA PRINCIPAL--NOMBRE DE PERSONA
Nombre de persona Tolentino, Marianne de,
Fechas asociadas al nombre 1951-
9 (RLIN) 73333
Término indicativo de función/relación autor
Código de función/relación aut.
245 10 - MENCIÓN DE TÍTULO
Título Aquiles Azar :
Resto del título artista absoluto /
Mención de responsabilidad, etc. Marianne de Tolentino ; editores, José Alcántara Almánzar y Elvis Francis Soto ; ilustraciones de interior, Aquiles Azar, Aquiles Azar Billini, José Ignacio Azar Billini, Octavio Azar Féliz; fotos de interior, Mariano Hernández.
250 ## - MENCIÓN DE EDICIÓN
Mención de edición Primera edición
264 #4 - PRODUCCIÓN, PUBLICACIÓN, DISTRIBUCIÓN, FABRICACIÓN Y COPYRIGHT
Producción, publicación, distribución, fabricación y copyright Santo Domingo :
Nombre del de productor, editor, distribuidor, fabricante Banco Central de la República Dominicana,
Fecha de producción, publicación, distribución, fabricación o copyright ©2023
300 ## - DESCRIPCIÓN FÍSICA
Extensión 177 páginas :
Otras características físicas ilustraciones, retratos ;
Dimensiones 30 cm.
336 ## - TIPO DE CONTENIDO
Término de tipo de contenido texto
Código de tipo de contenido txt
Fuente rdacontenr
337 ## - TIPO DE MEDIO
Nombre/término del tipo de medio sin mediación
Código del tipo de medio n
Fuente rdamedia
338 ## - TIPO DE SOPORTE
Nombre/término del tipo de soporte volumen
Código del tipo de soporte nc
Fuente rdacarrier
490 1# - MENCIÓN DE SERIE
Mención de serie Colección del Banco Central de la República Dominicana ;
Designación de volumen o secuencia 303
Mención de serie Serie Arte y literatura :
Número Internacional Normalizado para Publicaciones Seriadas 114
500 ## - NOTA GENERAL
Nota general Incluye datos biográficos del autor en las solapas
500 ## - NOTA GENERAL
Nota general Incluye índice onomástico
504 ## - NOTA DE BIBLIOGRAFÍA, ETC.
Nota de bibliografía, etc. Bibliografía: p. 162
590 ## - NOTA LOCAL (RLIN)
Nota local Inventariado 2024 / MF
600 10 - PUNTO DE ACCESO ADICIONAL DE MATERIA--NOMBRE DE PERSONA
Nombre de persona Azar García, Aquiles,
Fechas asociadas al nombre 1932-2015
9 (RLIN) 6476
Subdivisión general Crítica e interpretación
650 #7 - PUNTO DE ACCESO ADICIONAL DE MATERIA--TÉRMINO DE MATERIA
Término de materia o nombre geográfico como elemento de entrada Pinturas dominicanas
Subdivisión general Crítica e interpretación
9 (RLIN) 79017
650 #7 - PUNTO DE ACCESO ADICIONAL DE MATERIA--TÉRMINO DE MATERIA
Término de materia o nombre geográfico como elemento de entrada Artistas dominicanos
Subdivisión general Crítica e interpretación
9 (RLIN) 86764
650 #7 - PUNTO DE ACCESO ADICIONAL DE MATERIA--TÉRMINO DE MATERIA
Término de materia o nombre geográfico como elemento de entrada Dibujos dominicanos
9 (RLIN) 86765
Subdivisión general Crítica e interpretación
700 1# - PUNTO DE ACCESO ADICIONAL--NOMBRE DE PERSONA
Nombre de persona Alcántara Almánzar, José
Fechas asociadas al nombre 1946-
Término indicativo de función/relación editor
Código de función/relación ed.
9 (RLIN) 7018
700 1# - PUNTO DE ACCESO ADICIONAL--NOMBRE DE PERSONA
Nombre de persona Soto, Elvis Francis
9 (RLIN) 39156
Término indicativo de función/relación editor
Código de función/relación ed.
700 1# - PUNTO DE ACCESO ADICIONAL--NOMBRE DE PERSONA
Nombre de persona Azar García, Aquiles,
Fechas asociadas al nombre 1932
9 (RLIN) 6476
Término indicativo de función/relación ilustador
Código de función/relación il.
700 1# - PUNTO DE ACCESO ADICIONAL--NOMBRE DE PERSONA
Nombre de persona Aquile Azar Billini,
Término indicativo de función/relación ilustrador
9 (RLIN) 85473
Código de función/relación il.
700 1# - PUNTO DE ACCESO ADICIONAL--NOMBRE DE PERSONA
Nombre de persona Azar Billini, José Ignacio,
Término indicativo de función/relación ilustrador
9 (RLIN) 85474
Código de función/relación il.
700 1# - PUNTO DE ACCESO ADICIONAL--NOMBRE DE PERSONA
Nombre de persona Azar Féliz, Octavio,
Término indicativo de función/relación ilustrador
9 (RLIN) 85475
Código de función/relación il.
700 1# - PUNTO DE ACCESO ADICIONAL--NOMBRE DE PERSONA
Nombre de persona Hernández, Mariano
9 (RLIN) 59875
Término indicativo de función/relación fotográfo
Código de función/relación fot.
830 #0 - PUNTO DE ACCESO ADICIONAL DE SERIE-TÍTULO UNIFORME
Título uniforme Banco Central de la República Dominicana ; Volumen 303
Nombre de parte o sección de la obra Serie Arte y literatura ;
Número de parte o sección de la obra 114
9 (RLIN) 85476
910 ## - DATOS DE OPCIÓN DEL USUARIO (OCLC)
Datos de opción del usuario Validado. Control de calidad MFF
942 ## - ELEMENTOS DE PUNTO DE ACCESO ADICIONAL (KOHA)
Fuente del sistema de clasificación o colocación Dewey Decimal Classification
Tipo de ítem Koha Libro
Holdings
Estado de retiro Estado de pérdida Fuente del sistema de clasificación o colocación Restricciones de uso No para préstamo Código de colección Localización permanente Ubicación/localización actual Ubicación en estantería Fecha de adquisición Fuente de adquisición Total de préstamos Signatura topográfica completa Código de barras Fecha visto por última vez Precio válido a partir de Tipo de ítem Koha Número de copia
    Dewey Decimal Classification Excluido de préstamo   Patrimonio Dominicano Biblioteca Nacional Pedro Henríquez Ureña Biblioteca Nacional Pedro Henríquez Ureña Depósito 25.01.2024 Depósito Legal / Banco Central   BNPHU PD 759.7293 T649a 2024-2966 15.05.2024 15.05.2024 Libro  
    Dewey Decimal Classification Excluido de préstamo   Patrimonio Dominicano Biblioteca Nacional Pedro Henríquez Ureña Biblioteca Nacional Pedro Henríquez Ureña Depósito 25.01.2024 Depósito Legal / Banco Central   BNPHU PD 759.7293 T649a 2024-2967 15.05.2024 15.05.2024 Libro e.2
    Dewey Decimal Classification Préstamo en sala   Dominicana de Servicio Biblioteca Nacional Pedro Henríquez Ureña Biblioteca Nacional Pedro Henríquez Ureña Depósito 25.01.2024 Depósito Legal / Banco Central   BNPHU DS 759.7293 T649a 2024-2968 15.05.2024 15.05.2024 Libro e.3

Powered by Koha